Gunahoan kay pahar aur bukhsish ka silaab (Record no. 584446)

000 -LEADER
fixed length control field 00465nam a22001697a 4500
003 - CONTROL NUMBER IDENTIFIER
control field CEME
005 - DATE AND TIME OF LATEST TRANSACTION
control field 20210628210432.0
008 - FIXED-LENGTH DATA ELEMENTS--GENERAL INFORMATION
fixed length control field 210208b xxu||||| |||| 00| 0 eng d
040 ## - CATALOGING SOURCE
Transcribing agency .
082 ## - DEWEY DECIMAL CLASSIFICATION NUMBER
Classification number 297.7 GHU
100 ## - MAIN ENTRY--PERSONAL NAME
Personal name Ghulam Mustafa
9 (RLIN) 79402
245 ## - TITLE STATEMENT
Title Gunahoan kay pahar aur bukhsish ka silaab
260 ## - PUBLICATION, DISTRIBUTION, ETC.
Place of publication, distribution, etc. MULTAN
Name of publisher, distributor, etc. KUTAB KHANA MAJEEDIA
Date of publication, distribution, etc. 1995
300 ## - PHYSICAL DESCRIPTION
Extent 213P
650 ## - SUBJECT ADDED ENTRY--TOPICAL TERM
Topical term or geographic name entry element ISLAM-BUKHSISH KA SILAAB ISLAM-GUNAHOAN KAY PAHAR
9 (RLIN) 79403
942 ## - ADDED ENTRY ELEMENTS (KOHA)
Koha item type Book
Source of classification or shelving scheme
Holdings
Withdrawn status Lost status Damaged status Not for loan Permanent Location Current Location Shelving location Date acquired Total Checkouts Full call number Barcode Date last seen Price effective from Koha item type
        College of Electrical & Mechanical Engineering (CEME) College of Electrical & Mechanical Engineering (CEME) General Stacks 07/04/2017   297.7 GHU CEME-34068 06/28/2021 06/28/2021 Book
© 2023 Central Library, National University of Sciences and Technology. All Rights Reserved.